Australian Journal Of Electrical & Electronics Engineering (Record no. 19741)

MARC details
000 -LEADER
fixed length control field 00330nam a2200121Ia 4500
008 - FIXED-LENGTH DATA ELEMENTS--GENERAL INFORMATION
fixed length control field 230205s9999 xx 000 0 und d
022 ## - INTERNATIONAL STANDARD SERIAL NUMBER
ISSN 1448-837X
082 ## - DEWEY DECIMAL CLASSIFICATION NUMBER
Classification number 105.23
245 #0 - TITLE STATEMENT
Title Australian Journal Of Electrical & Electronics Engineering
260 ## - PUBLICATION, DISTRIBUTION, ETC. (IMPRINT)
Name of publisher Engineers Media ,NSW,1585
Place of publication India
Year of publication 2005
650 ## - SUBJECT ADDED ENTRY--TOPICAL TERM
Topical Term ECE & EE
942 ## - ADDED ENTRY ELEMENTS (KOHA)
Koha item type Journal
952 ## - LOCATION AND ITEM INFORMATION (KOHA)
Year 2006
952 ## - LOCATION AND ITEM INFORMATION (KOHA)
Year 2005
952 ## - LOCATION AND ITEM INFORMATION (KOHA)
Year 2000
952 ## - LOCATION AND ITEM INFORMATION (KOHA)
Year 2001
952 ## - LOCATION AND ITEM INFORMATION (KOHA)
Year 2002
952 ## - LOCATION AND ITEM INFORMATION (KOHA)
Year 2004
952 ## - LOCATION AND ITEM INFORMATION (KOHA)
Year 2007
952 ## - LOCATION AND ITEM INFORMATION (KOHA)
Year 2007
952 ## - LOCATION AND ITEM INFORMATION (KOHA)
Year 2007
952 ## - LOCATION AND ITEM INFORMATION (KOHA)
Year 2011
952 ## - LOCATION AND ITEM INFORMATION (KOHA)
Year 2011
952 ## - LOCATION AND ITEM INFORMATION (KOHA)
Year 2011
952 ## - LOCATION AND ITEM INFORMATION (KOHA)
Year 2010
952 ## - LOCATION AND ITEM INFORMATION (KOHA)
Year 2010
952 ## - LOCATION AND ITEM INFORMATION (KOHA)
Year 2010
Holdings
Serial Enumeration / chronology Price effective from Koha item type Withdrawn / writtenoff status Damaged status Not for loan Collection code Permanent Location Current Location Date acquired Lost/ Missing status department
Year 2006, Vol 3, Issue 1 02/05/2023 Journal     Not For Loan   MIET Library, Jammu MIET Library, Jammu 12/15/2006   BE
Year 2005, Vol 2, Issue 2 02/05/2023 Journal     Not For Loan   MIET Library, Jammu MIET Library, Jammu 10/17/2005   BE
Year 2000, Vol 20, Issue 3 02/05/2023 Journal     Not For Loan   MIET Library, Jammu MIET Library, Jammu 08/29/2001   BE
Year 2001, Vol 21, Issue 1 02/05/2023 Journal     Not For Loan   MIET Library, Jammu MIET Library, Jammu 11/27/2001   BE
Year 2002, Vol 22, Issue 1-3 02/05/2023 Journal     Not For Loan   MIET Library, Jammu MIET Library, Jammu 08/04/2003   BE
Year 2004, Vol 1, Issue 1-3 02/05/2023 Journal     Not For Loan   MIET Library, Jammu MIET Library, Jammu 09/10/2004   BE
Year 2007, Vol 3, Issue 2 02/05/2023 Journal     Not For Loan   MIET Library, Jammu MIET Library, Jammu 06/22/2007   BE
Year 2007, Vol 3, Issue 2 02/05/2023 Journal     Not For Loan   MIET Library, Jammu MIET Library, Jammu 10/01/2007   BE
Year 2007, Vol 03, Issue 03 02/05/2023 Journal     Not For Loan   MIET Library, Jammu MIET Library, Jammu 12/04/2007   BE
Year 2011, Vol 08, Issue 01 02/05/2023 Journal     Not For Loan   MIET Library, Jammu MIET Library, Jammu 06/29/2012   BE
Year 2011, Vol 08, Issue 02 02/05/2023 Journal     Not For Loan   MIET Library, Jammu MIET Library, Jammu 06/29/2012   BE
Year 2011, Vol 08, Issue 03 02/05/2023 Journal     Not For Loan   MIET Library, Jammu MIET Library, Jammu 06/29/2012   BE
Year 2010, Vol 07, Issue 01 02/05/2023 Journal     Not For Loan   MIET Library, Jammu MIET Library, Jammu 05/07/2013   BE
Year 2010, Vol 07, Issue 02 02/05/2023 Journal     Not For Loan   MIET Library, Jammu MIET Library, Jammu 05/07/2013   BE
Year 2010, Vol 07, Issue 03 02/05/2023 Journal     Not For Loan   MIET Library, Jammu MIET Library, Jammu 05/07/2013   BE